000 00672cam a22002291 4500
001 ne 63002040
003 DLC
005 20260227111750.0
008 830422s1963 ua a 000 0 eng
010 _ane 63002040
035 _a(OCoLC)16762067
040 _aDLC
_cOrPS
_dDLC
042 _apremarc
043 _af-ua---
050 0 0 _aHD5839
_b.C3
110 2 _aMaʻhad al-Takhṭīṭ al-Qawmī (Egypt)
245 1 0 _aResearch project on employment and unemployment among the educated.
260 _a[Cairo,
_c1963]
300 _a8 v.
_btables.
_c28 cm.
650 0 _aUnemployed
_zUnited Arab Republic.
740 0 _aEmployment and unemployment among the educated.
999 _c46296
_d46296